000 00338nam a22001217a 4500
082 _a000
_bOSW/C
100 _aOSWAAL BOOKS
245 _aCBSE SOLVED PAPERS COMPUTER SCIENCE C++
_bCHAPTERWISE AND TOPICWISE CLASS XII
260 _aAGRA
_bOSWAAL BOOKS
_c2019
300 _a216
650 _aSOLVED C++ CS PAPERS FOR CLASS XII
_zINDIA
942 _cBK
999 _c586
_d586